000 00556nam a2200193 a 4500
001 8624
003 CO-ViMGA
008 141112s2004 ck r 000 u spa d
020 _a8448113268
040 _aCO-ViMGA
_bspa
_cCO-ViMGA
082 0 4 _a005.74 A11o
100 1 _aAbbey, Michael;; Corey, Michael
_98551
245 1 0 _aORACLE 8 :
_bGUIA DE APRENDIZAJE; versiones 7 y 8
260 _aBogotá,
_cOrsborne/McGraw - Hill,
_c1997
300 _aXXVIII, 628 p. il., 23 cm
650 1 4 _aBASES DE DATOS
650 1 4 _aORACLE - MANUALES
_98552
942 _2ddc
_cBK
999 _c20264
_d20264